| 000 | 01132nab a22002297a 4500 | ||
|---|---|---|---|
| 999 |
_c6464 _d6464 |
||
| 003 | OSt | ||
| 005 | 20260209093438.0 | ||
| 008 | 190506c xxu||||| |||| 00| 0 spa d | ||
| 040 | _cPJ | ||
| 100 |
_94420 _aToledo Ríos, Rafael E. |
||
| 245 | 1 | 0 |
_aTutela judicial efectiva y rápida ante la irregularidad administrativa / _cRafael E. Toledo Ríos. |
| 260 |
_aBuenos Aires : _bAbeledoPerrot, _c2025. |
||
| 300 | _ap. 85-88 | ||
| 500 | _aCita: TR LALEY AR/DOC/80/2025 | ||
| 505 | _aSumario: I. Introducción.— II. El caso.— III. El principio de tutela judicial efectiva.— IV. Contenido alimentario de los derechos previsionales. Protección especial. | ||
| 505 | _aFallo comentado: CFed. Seg. Social, sala II ~ 13/08/2024 ~ Trujillo Ramona Antonia c. ANSeS s/ amparos y sumarísimos. | ||
| 505 | _t¿Te interesa el texto completo? Comunicate al correo: koha@justierradelfuego.gov.ar | ||
| 650 | 0 |
_91316 _aDERECHO LABORAL |
|
| 650 | 0 |
_93637 _aTUTELA JUDICIAL EFECTIVA |
|
| 773 | 0 |
_02751 _93202 _dBuenos Aires : AbeledoPerrot, 2013- _tRevista de derecho laboral y seguridad social. Nº 4 - Febrero 2025 |
|
| 942 |
_2udc _cANA |
||